[Event "Druzynowe Mistrzostwa Polski - II Liga S"]
[Site "Ustron/Slaski Zwiazek Szachowy"]
[Date "2008.09.14"]
[Round "9.75"]
[White "Siekaniec, Jan"]
[Black "Jablonka, Krzysztof"]
[Result "1-0"]
[WhiteElo "2184"]
[BlackElo "2049"]
[PlyCount "61"]
[EventDate "2008.??.??"]

1. e4 e6 2. d3 d5 3. Nd2 dxe4 4. dxe4 e5 5. Ngf3 Bd6 6. Bc4 Nf6 7. O-O O-O 8.
c3 Qe7 9. Re1 Nc6 10. a4 Be6 11. b4 Bxc4 12. Nxc4 Qe6 13. Qe2 h6 14. g3 a5 15.
b5 Ne7 16. Nh4 Nd7 17. Ne3 Nc5 18. Nef5 Kh7 19. Be3 g6 20. Nxd6 cxd6 21. Bxc5
dxc5 22. Nf3 Nc8 23. Qa2 c4 24. Qa3 Nb6 25. Qc5 f6 26. Red1 Rf7 27. Rd6 Qg4 28.
Rxb6 Qxf3 29. Qd5 Rc7 30. Rxb7 Rac8 31. b6 1-0

[Event "Druzynowe Mistrzostwa Polski - II Liga S"]
[Site "Ustron/Slaski Zwiazek Szachowy"]
[Date "2008.09.14"]
[Round "9.76"]
[White "Zawierucha, Aleksander"]
[Black "Szczesniak, Konrad"]
[Result "0-1"]
[WhiteElo "2095"]
[BlackElo "2248"]
[PlyCount "120"]
[EventDate "2008.??.??"]

1. d4 Nf6 2. c4 g6 3. Nc3 Bg7 4. e4 d6 5. Nf3 O-O 6. Be2 e5 7. dxe5 dxe5 8.
Qxd8 Rxd8 9. Bg5 c6 10. Nxe5 h6 11. Bxf6 Bxf6 12. Nf3 Re8 13. O-O-O Bxc3 14.
bxc3 Na6 15. Nd2 Nc5 16. Rhe1 a5 17. f3 a4 18. Nb1 f5 19. exf5 Bxf5 20. Bf1 g5
21. Na3 Kf7 22. Nc2 Rxe1 23. Nxe1 a3 24. Nd3 Na4 25. g4 Bh7 26. Nb4 Ke7 27. Bd3
Bg8 28. Kc2 Nb2 29. Re1+ Kd6 30. Re2 Nxc4 31. Bxc4 Bxc4 32. Rd2+ Kc7 33. Kd1
Rf8 34. Rf2 Ra8 35. Rd2 b5 36. Ke1 Re8+ 37. Kf2 c5 38. Nc2 Ra8 39. Ne3 Be6 40.
Kg3 b4 41. cxb4 cxb4 42. Nc2 Bxa2 43. Nxb4 Bb3 44. h4 a2 45. Nxa2 Bxa2 46. hxg5
hxg5 47. Rd3 Ra4 48. Kf2 Rf4 49. Ra3 Bd5 50. Ra7+ Kd6 51. Rg7 Rxf3+ 52. Ke2 Ra3
53. Rxg5 Kc5 54. Rg7 Kd4 55. g5 Ra2+ 56. Kf1 Ke3 57. Re7+ Be4 58. Kg1 Ra1+ 59.
Kh2 Kf4 60. Rf7+ Kg4 0-1

[Event "Druzynowe Mistrzostwa Polski - II Liga S"]
[Site "Ustron/Slaski Zwiazek Szachowy"]
[Date "2008.09.14"]
[Round "9.77"]
[White "Grajdek, Jaroslaw"]
[Black "Waruga, Wojciech"]
[Result "1/2-1/2"]
[WhiteElo "2092"]
[BlackElo "2017"]
[PlyCount "111"]
[EventDate "2008.??.??"]

1. e4 e6 2. f4 d5 3. e5 c5 4. Nf3 Qb6 5. d3 Ne7 6. Be2 h5 7. O-O Nf5 8. c3 Nc6
9. Na3 Bd7 10. Nc2 Rc8 11. Rb1 Be7 12. Ne3 g6 13. g3 f6 14. Nxf5 exf5 15. exf6
Bxf6 16. Be3 d4 17. Bf2 Be6 18. c4 Kf7 19. Qd2 Rce8 20. a3 Re7 21. b4 Rhe8 22.
Rfe1 Bc8 23. b5 Nd8 24. Bf1 Qd6 25. Bg2 b6 26. a4 Bb7 27. a5 Rxe1+ 28. Rxe1
Rxe1+ 29. Qxe1 Qe6 30. Qxe6+ Kxe6 31. a6 Bxf3 32. Bxf3 Ke7 33. Be1 Kd6 34. h3
Ne6 35. Bd2 Nc7 36. Kg2 Be7 37. Bb7 Ke6 38. Kf3 Ne8 39. Bd5+ Kf6 40. Be1 Kg7
41. Be6 Kf6 42. Bd7 Nd6 43. Bf2 Bd8 44. g4 hxg4+ 45. hxg4 Ke7 46. Bc6 Kf7 47.
Bd5+ Kg7 48. Be6 Kf8 49. gxf5 gxf5 50. Kg3 Kg7 51. Kh3 Kh6 52. Bg3 Kg6 53. Bd5
Ne8 54. Be6 Ng7 55. Bd7 Nh5 56. Be8+ 1/2-1/2

[Event "Druzynowe Mistrzostwa Polski - II Liga S"]
[Site "Ustron/Slaski Zwiazek Szachowy"]
[Date "2008.09.14"]
[Round "9.78"]
[White "Gonsior, Monika"]
[Black "Buksa, Ewelina"]
[Result "1-0"]
[WhiteElo "2131"]
[BlackElo "1555"]
[PlyCount "71"]
[EventDate "2008.??.??"]

1. e4 e5 2. Nc3 c6 3. Bc4 Nf6 4. Bb3 Be7 5. d3 d6 6. Nge2 Nbd7 7. f4 Nc5 8. f5
Nxb3 9. axb3 d5 10. O-O O-O 11. Qe1 Re8 12. Kh1 Bf8 13. Bg5 d4 14. Nb1 Be7 15.
h3 Nd7 16. Bd2 Bg5 17. Qg3 Bf6 18. Qf3 Bg5 19. Qg4 h6 20. g3 Nf6 21. Qf3 Bxd2
22. Nxd2 Nh7 23. h4 Bd7 24. Rf2 Qf6 25. Raf1 Kf8 26. Rh2 Ke7 27. g4 Rh8 28.
Nxd4 Qd6 29. Ne2 f6 30. Qg3 c5 31. Nc4 Qc6 32. Nc3 Kd8 33. Nd5 Be8 34. g5 hxg5
35. hxg5 fxg5 36. Qxe5 1-0

[Event "Druzynowe Mistrzostwa Polski - II Liga S"]
[Site "Ustron/Slaski Zwiazek Szachowy"]
[Date "2008.09.14"]
[Round "9.79"]
[White "Steczek, Marcin"]
[Black "Wieclaw, Michal"]
[Result "1-0"]
[WhiteElo "2342"]
[BlackElo "2220"]
[PlyCount "119"]
[EventDate "2008.??.??"]

1. Nf3 Nf6 2. g3 b5 3. Bg2 Bb7 4. O-O e6 5. a4 b4 6. d3 d6 7. Nbd2 Nbd7 8. a5
c5 9. c3 bxc3 10. bxc3 Rb8 11. Nc4 Be7 12. e4 O-O 13. Bf4 e5 14. Bc1 Qc7 15.
Nfd2 d5 16. exd5 Bxd5 17. f3 Bc6 18. Qe2 Nd5 19. Ra3 Rfe8 20. Ne4 f5 21. Nf2
Bf6 22. Qa2 Kh8 23. Bd2 Nf8 24. Re1 Ne6 25. Qc2 Nd8 26. Raa1 Nf7 27. Nh3 Nd6
28. f4 Nxc4 29. dxc4 Ne7 30. Bxc6 Nxc6 31. Qxf5 Nxa5 32. fxe5 Bxe5 33. Rxa5
Qxa5 34. Ng5 g6 35. Qd7 Qc7 36. Nf7+ Kg7 37. Nxe5+ Qxd7 38. Nxd7 Rxe1+ 39. Bxe1
Rc8 40. Bf2 Kf7 41. Nxc5 a5 42. Bd4 Rb8 43. Na4 Rb1+ 44. Kf2 Ke6 45. c5 Ra1 46.
Nb6 a4 47. c4 Rd1 48. c6 Kd6 49. Be5+ Kxc6 50. Nxa4 Rd2+ 51. Kg1 Re2 52. Bh8
Rc2 53. Nb2 Kc5 54. h4 Re2 55. Kf1 Rc2 56. Ke1 Kb4 57. Bd4 Rg2 58. Bf2 Rh2 59.
Kf1 g5 60. Kg1 1-0

[Event "Druzynowe Mistrzostwa Polski - II Liga S"]
[Site "Ustron/Slaski Zwiazek Szachowy"]
[Date "2008.09.14"]
[Round "9.80"]
[White "Kaczmarek, Piotr"]
[Black "Walaszczyk, Witold"]
[Result "0-1"]
[WhiteElo "1935"]
[BlackElo "2247"]
[PlyCount "56"]
[EventDate "2008.??.??"]

1. e4 g6 2. d4 Bg7 3. c4 d6 4. Nc3 Nf6 5. f3 O-O 6. Be3 Nbd7 7. Qd2 c5 8. Nge2
a6 9. Nc1 Qc7 10. d5 Rb8 11. Be2 Ne5 12. g4 b5 13. cxb5 axb5 14. g5 Nfd7 15. f4
Nc4 16. Bxc4 bxc4 17. a3 Qa5 18. N1a2 Nb6 19. O-O f5 20. gxf6 Bxf6 21. f5 Nd7
22. fxg6 hxg6 23. Bh6 Rf7 24. Qg2 Ne5 25. h3 Rh7 26. Qd2 Bxh3 27. Bg5 Bxf1 28.
Bxf6 Nf3+ 0-1

[Event "Druzynowe Mistrzostwa Polski - II Liga S"]
[Site "Ustron/Slaski Zwiazek Szachowy"]
[Date "2008.09.14"]
[Round "9.81"]
[White "Szadkowski, Krzysztof"]
[Black "Bernat, Marcin"]
[Result "1/2-1/2"]
[WhiteElo "2132"]
[BlackElo "2200"]
[PlyCount "70"]
[EventDate "2008.??.??"]

1. e4 e6 2. d4 d5 3. Nd2 c5 4. c3 Nc6 5. Ngf3 cxd4 6. Nxd4 Nxd4 7. cxd4 dxe4 8.
Nxe4 Bb4+ 9. Bd2 Be7 10. Qg4 g6 11. Qf4 Nf6 12. Bb5+ Bd7 13. Nxf6+ Bxf6 14.
Bxd7+ Kxd7 15. d5 Ke8 16. dxe6 fxe6 17. O-O Qd4 18. Qh6 Bg7 19. Qg5 Qd5 20.
Rac1 Qxg5 21. Bxg5 h6 22. Rc7 Bxb2 23. Rxb7 Bd4 24. Bh4 g5 25. Bg3 Rc8 26. Bd6
Rc6 27. Bb4 Rg8 28. Rd1 Rg7 29. Rb8+ Kf7 30. g3 e5 31. Rd2 g4 32. Kg2 Kg6 33.
Ba3 Rf7 34. Bb2 Rd6 35. Bxd4 exd4 1/2-1/2

[Event "Druzynowe Mistrzostwa Polski - II Liga S"]
[Site "Ustron/Slaski Zwiazek Szachowy"]
[Date "2008.09.14"]
[Round "9.82"]
[White "Szuminski, Marek"]
[Black "Swiatnicki, Andrzej"]
[Result "1-0"]
[WhiteElo "2062"]
[BlackElo "2192"]
[PlyCount "113"]
[EventDate "2008.??.??"]

1. d4 d5 2. c4 c6 3. Nf3 e6 4. e3 Nf6 5. Bd3 Nbd7 6. Nbd2 Bd6 7. O-O O-O 8. e4
dxe4 9. Nxe4 Nxe4 10. Bxe4 h6 11. Bc2 Re8 12. Qd3 Nf8 13. b3 b6 14. Bb2 Bb7 15.
Rad1 Qe7 16. Rfe1 Rad8 17. Ne5 c5 18. Qe3 Qg5 19. Qxg5 hxg5 20. dxc5 Bxc5 21.
Rxd8 Rxd8 22. Rd1 Rxd1+ 23. Bxd1 Be4 24. Bf3 Bxf3 25. Nxf3 f6 26. h3 e5 27. Kf1
Ne6 28. g3 e4 29. Ne1 f5 30. Nc2 f4 31. Ba3 Bxa3 32. Nxa3 Nd4 33. Nb1 Nf5 34.
Nc3 Nd6 35. Nd5 fxg3 36. fxg3 Kf7 37. g4 Ke6 38. Ke2 Ke5 39. Nc7 Kd4 40. Ne6+
Kc3 41. Nxg7 Kb2 42. Nf5 Nf7 43. b4 Kxa2 44. c5 bxc5 45. bxc5 Nd8 46. Nd4 Nb7
47. c6 Nd6 48. c7 Kb2 49. Nb5 Nc8 50. Nxa7 Nxa7 51. Ke3 Kc3 52. Kxe4 Kc4 53.
Kf5 Kd5 54. Kxg5 Kd6 55. h4 Kxc7 56. Kf6 Kd7 57. h5 1-0

[Event "Druzynowe Mistrzostwa Polski - II Liga S"]
[Site "Ustron/Slaski Zwiazek Szachowy"]
[Date "2008.09.14"]
[Round "9.83"]
[White "Rupental, Janusz"]
[Black "Piechota, Pawel"]
[Result "0-1"]
[WhiteElo "2027"]
[BlackElo "1965"]
[PlyCount "64"]
[EventDate "2008.??.??"]

1. e4 e6 2. d4 d5 3. Nd2 Nf6 4. e5 Nfd7 5. Bd3 c5 6. c3 Nc6 7. Ne2 Qb6 8. Nf3
cxd4 9. cxd4 f6 10. exf6 Nxf6 11. O-O Bd6 12. Re1 Qc7 13. Nc3 a6 14. Bg5 O-O
15. Rc1 Ng4 16. h3 Bh2+ 17. Kf1 Nxf2 18. Qd2 Nxd3 19. Qxd3 Qg3 20. Bd2 e5 21.
Ne2 Qh4 22. dxe5 Nxe5 23. Qxd5+ Kh8 24. Neg1 Bxg1 25. Kxg1 Nxf3+ 26. Qxf3 Bxh3
27. Qe3 Rae8 28. Rf1 Bd7 29. Bc3 Bb5 30. Rxf8+ Rxf8 31. Re1 h6 32. Qe7 Rf1+ 0-1

[Event "Druzynowe Mistrzostwa Polski - II Liga S"]
[Site "Ustron/Slaski Zwiazek Szachowy"]
[Date "2008.09.14"]
[Round "9.84"]
[White "Sikorska, Agata"]
[Black "Smolenska, Olga"]
[Result "1-0"]
[WhiteElo "2108"]
[BlackElo "1932"]
[PlyCount "55"]
[EventDate "2008.??.??"]

1. e4 e5 2. Nf3 Nc6 3. Bc4 Bc5 4. d4 exd4 5. c3 d3 6. Qxd3 Nge7 7. Bxf7+ Kxf7
8. Qc4+ d5 9. Qxc5 Re8 10. O-O b6 11. Qb5 a5 12. Qb3 a4 13. Qc2 h6 14. Be3 dxe4
15. Qxe4 Ra5 16. Nd4 Ne5 17. Na3 Nd5 18. Rad1 Qf6 19. Ndb5 c6 20. Rxd5 cxd5 21.
Qxd5+ Kg6 22. Bd4 Qe6 23. Qxe6+ Rxe6 24. f4 Nc4 25. f5+ Kf7 26. fxe6+ Kxe6 27.
Nc7+ Kd6 28. Nxc4+ 1-0

[Event "Druzynowe Mistrzostwa Polski - II Liga S"]
[Site "Ustron/Slaski Zwiazek Szachowy"]
[Date "2008.09.14"]
[Round "9.86"]
[White "Rychlik, Piotr"]
[Black "Obiedzinski, Pawel"]
[Result "1/2-1/2"]
[WhiteElo "2074"]
[BlackElo "2008"]
[PlyCount "37"]
[EventDate "2008.??.??"]

1. d4 d5 2. Nf3 e6 3. g3 Bd6 4. Bg2 f5 5. c4 c6 6. Nc3 Nf6 7. O-O O-O 8. Qc2
Ne4 9. Ne5 Nd7 10. Nxd7 Bxd7 11. e3 Be8 12. f3 Nxc3 13. Qxc3 Bg6 14. Bd2 b5 15.
c5 Bc7 16. Rad1 h5 17. f4 a5 18. Qd3 Kf7 19. h4 1/2-1/2

[Event "Druzynowe Mistrzostwa Polski - II Liga S"]
[Site "Ustron/Slaski Zwiazek Szachowy"]
[Date "2008.09.14"]
[Round "9.87"]
[White "Michalak, Robert"]
[Black "Kowalczuk, Wojciech"]
[Result "0-1"]
[WhiteElo "1831"]
[BlackElo "2201"]
[PlyCount "82"]
[EventDate "2008.??.??"]

1. d4 Nf6 2. Bg5 c6 3. c3 d5 4. e3 Ne4 5. Bf4 g5 6. Be5 Rg8 7. Bd3 Nd7 8. Bg3
Ndf6 9. f3 Nxg3 10. hxg3 Qc7 11. Ne2 h6 12. Nd2 Bd7 13. Qc2 O-O-O 14. O-O-O Kb8
15. Kb1 Bg7 16. Nb3 Rge8 17. Nc5 Bc8 18. Qb3 Ka8 19. Rhe1 e5 20. g4 e4 21. fxe4
dxe4 22. Bc4 Re7 23. Qa3 Bxg4 24. Rd2 Nd5 25. Nc1 Qg3 26. Qa5 Rde8 27. Rde2
Bxe2 28. Rxe2 Nxe3 29. Ba6 bxa6 30. Qxa6 Rc7 31. N1b3 Bf8 32. Nd7 Nd5 33. Na5
Rd8 34. Rxe4 Qxg2 35. Re2 Qf1+ 36. Kc2 Qf5+ 37. Kc1 Qxd7 38. Nc4 Bd6 39. a3 Rb8
40. Rf2 Bf4+ 41. Kd1 Qg4+ 0-1

[Event "Druzynowe Mistrzostwa Polski - II Liga S"]
[Site "Ustron/Slaski Zwiazek Szachowy"]
[Date "2008.09.14"]
[Round "9.90"]
[White "Kmiecik, Emilia"]
[Black "Filipkowska, Martyna"]
[Result "1/2-1/2"]
[WhiteElo "1860"]
[BlackElo "1580"]
[PlyCount "149"]
[EventDate "2008.??.??"]

1. d4 d5 2. c4 dxc4 3. e3 Bf5 4. Bxc4 Nf6 5. Nf3 e6 6. Qb3 b6 7. O-O Bd6 8. Nc3
O-O 9. Nb5 Nc6 10. Nxd6 Qxd6 11. Bd2 Ne4 12. Be1 a5 13. a3 Qd8 14. Rc1 Ne7 15.
Nh4 Nd6 16. Nxf5 Nexf5 17. Be2 Rc8 18. f3 Qg5 19. f4 Qf6 20. Qd3 Rfd8 21. g4
Qg6 22. Kh1 Ne7 23. Qd1 h6 24. Bd3 Qf6 25. Qf3 g6 26. h4 Kh8 27. Bg3 c5 28.
dxc5 Rxc5 29. Rxc5 bxc5 30. Qe2 Qg7 31. Be1 f6 32. Bxa5 Rc8 33. Rc1 Nd5 34. Bc3
c4 35. Bb1 Nxc3 36. Rxc3 Qb7+ 37. Qg2 Qxg2+ 38. Kxg2 Kg7 39. Ba2 f5 40. g5 hxg5
41. hxg5 Kf7 42. Kf3 Ne4 43. Rc2 Ke7 44. Ke2 c3 45. bxc3 Rxc3 46. Rb2 Rc7 47.
Bb1 Nc3+ 48. Kd3 Nd5 49. Rb3 Kd6 50. a4 Ra7 51. Ra3 e5 52. Ba2 Nb4+ 53. Kc3 Nc6
54. Bc4 Re7 55. Ra1 exf4 56. Rd1+ Kc7 57. exf4 Re3+ 58. Rd3 Re4 59. Bf7 Rxf4
60. Re3 Rg4 61. Bxg6 Rxg5 62. Be8 f4 63. Re6 Rc5+ 64. Kd3 Rd5+ 65. Kc3 Rd6 66.
Rxd6 Kxd6 67. Kd3 Kc5 68. Ke4 Kb6 69. Kxf4 Na5 70. Ke4 Kc5 71. Kd3 Kb4 72. Kd4
Nb3+ 73. Kd5 Nc5 74. a5 Kxa5 75. Kxc5 1/2-1/2

[Event "Druzynowe Mistrzostwa Polski - II Liga S"]
[Site "Ustron/Slaski Zwiazek Szachowy"]
[Date "2008.09.14"]
[Round "9.97"]
[White "Lusio, Stanislaw"]
[Black "Flis, Jacek"]
[Result "1/2-1/2"]
[WhiteElo "1964"]
[BlackElo "2302"]
[PlyCount "66"]
[EventDate "2008.??.??"]

1. d4 Nf6 2. Nf3 g6 3. c4 Bg7 4. Nc3 O-O 5. e4 d6 6. h3 c6 7. Bd3 Nbd7 8. O-O
e5 9. Be3 exd4 10. Nxd4 Nc5 11. b4 Nxd3 12. Qxd3 c5 13. Nc2 cxb4 14. Nxb4 Nd7
15. Rac1 Nc5 16. Qb1 Be6 17. Nbd5 b6 18. Rfd1 Qh4 19. Bxc5 dxc5 20. Qc2 Rad8
21. Qe2 Be5 22. Rd3 f5 23. g3 Qh6 24. Rcd1 Qg7 25. Qd2 Rde8 26. Re1 Bxc3 27.
Rxc3 fxe4 28. Rxe4 Bxh3 29. Rce3 Rxe4 30. Rxe4 Bf5 31. Re7 Rf7 32. Qg5 Rxe7 33.
Nxe7+ Kf7 1/2-1/2

[Event "Druzynowe Mistrzostwa Polski - II Liga S"]
[Site "Ustron/Slaski Zwiazek Szachowy"]
[Date "2008.09.14"]
[Round "9.98"]
[White "Ciesla, Adam"]
[Black "Lach, Ireneusz"]
[Result "1-0"]
[WhiteElo "2291"]
[BlackElo "1999"]
[PlyCount "55"]
[EventDate "2008.??.??"]

1. e4 d5 2. exd5 Qxd5 3. Nc3 Qd8 4. g3 e6 5. Bg2 c6 6. d3 Nf6 7. Nge2 Be7 8.
O-O O-O 9. h3 Nbd7 10. a3 Qc7 11. Re1 Nd5 12. b4 a6 13. Bb2 Bf6 14. Qc1 Nxc3
15. Nxc3 Rd8 16. Ne4 Bxb2 17. Qxb2 Rb8 18. Rad1 b6 19. d4 Bb7 20. Rd2 c5 21.
dxc5 bxc5 22. Red1 cxb4 23. axb4 Nb6 24. Qe5 Qe7 25. Nd6 Nd7 26. Nf5 Qf8 27.
Rxd7 Rxd7 28. Rxd7 1-0

[Event "Druzynowe Mistrzostwa Polski - II Liga S"]
[Site "Ustron/Slaski Zwiazek Szachowy"]
[Date "2008.09.14"]
[Round "9.99"]
[White "Pietal, Leszek"]
[Black "Denderski, Piotr"]
[Result "1-0"]
[WhiteElo "1961"]
[BlackElo "2272"]
[PlyCount "59"]
[EventDate "2008.??.??"]

1. d4 f5 2. Nf3 Nf6 3. c4 g6 4. g3 Bg7 5. Bg2 O-O 6. O-O d6 7. Nc3 c6 8. b3 Qc7
9. Qc2 a5 10. Bb2 Na6 11. a3 e5 12. dxe5 dxe5 13. Na4 Ne4 14. Rfd1 Be6 15. Ne1
Nac5 16. Nxc5 Nxc5 17. Nd3 Nxd3 18. Rxd3 a4 19. bxa4 e4 20. Rd2 Bxb2 21. Qxb2
Bxc4 22. Qb4 Bd5 23. Rc1 Qa5 24. Rb2 Qxb4 25. Rxb4 Ra7 26. e3 Rfa8 27. Bf1 Rxa4
28. Rxb7 Rxa3 29. Bc4 R8a7 30. Bxd5+ 1-0

[Event "Druzynowe Mistrzostwa Polski - II Liga S"]
[Site "Ustron/Slaski Zwiazek Szachowy"]
[Date "2008.09.14"]
[Round "9.100"]
[White "Piesik, Piotr"]
[Black "Lusio, Marek"]
[Result "1-0"]
[WhiteElo "2150"]
[BlackElo "1824"]
[PlyCount "63"]
[EventDate "2008.??.??"]

1. Nf3 d5 2. g3 Nf6 3. Bg2 Nc6 4. O-O e5 5. d3 h6 6. Nbd2 Be6 7. e4 dxe4 8.
dxe4 Bc5 9. c3 O-O 10. Qe2 a6 11. Nc4 Bg4 12. Ne3 Bxe3 13. Qxe3 Qe7 14. Nh4 Qe6
15. f3 Bh3 16. Bxh3 Qxh3 17. Nf5 Rfe8 18. Qc5 Rad8 19. Be3 Rd7 20. Rad1 Red8
21. Rxd7 Rxd7 22. Qc4 Ne7 23. Nh4 Nc6 24. Qb3 Nd8 25. Nf5 b6 26. Rd1 Rxd1+ 27.
Qxd1 Ne6 28. Qa4 a5 29. Qb5 Qh5 30. Qf1 Ng5 31. h4 Ne6 32. g4 1-0